| 000 | 01185nam0a2200325 4500 | ||
|---|---|---|---|
| 001 | RU\NLR\BIBL_A\022147014 | ||
| 005 | 20240326154454.0 | ||
| 010 |
_a978-5-94802-182-9 _9300 |
||
| 021 |
_aRU _bКН-П-24-002308 _9КН-П-24-0205 |
||
| 035 | _a(NLR Aleph) 022147014 | ||
| 090 |
_a12882160 _c12882160 |
||
| 100 | _a20240221d2024 u y0rusy50 ca | ||
| 101 | 0 | _arus | |
| 102 | _aRU | ||
| 105 | _aach z 000yy | ||
| 181 | 0 |
_ai3 _baxxe |
|
| 181 | 0 |
_ab2 _bxb2e |
|
| 182 | 0 | _an | |
| 200 | 1 |
_aМы из Советского Союза _eвоспоминания _fГ. З. Бураков, Р. Р. Буракова |
|
| 203 |
_aТекст _aИзображение _bвизуальные _cнепосредственные |
||
| 210 |
_aМосква _cЭнциклопедия _d2024 (печ. 2023) |
||
| 215 |
_a294 с. _cил., портр., факс. _d22 |
||
| 686 | 2 | _aШ6(2=Р)8-491 | |
| 700 | 1 |
_aБураков _bГ. З. _f1928- _gГавриил Зеликович |
|
| 701 | 1 |
_aБуракова _bР. Р. _f1928-2014 _gРаиса Романовна |
|
| 942 | _cBOOK | ||
| 980 | _aNB | ||